000
00306nam a2200097Ia 4500
082
_a
700 SMIT
245
0
_a
The artist's handbook : [equipment, materials, procedures, techniques]
100
_a
SMITH, Ray London, 2003 Revised ed
_9
92899
942
_c
BK
008
210817s9999 xx 000 0 und d
999
_c
379256
_d
379255